Pilotes F1 - 2025 - Statistiques

Statistiques générales
  • Ce quiz a été pris 93 fois
  • Le résultat moyen est 17 sur 21
Statistiques - réponses
Hint Réponse % Correct
Red Bull Max Verstappen
99%
Ferrari Charles Leclerc
97%
Lewis Hamilton
97%
Pierre Gasly
97%
Esteban Ocon
96%
Fernando Alonso
91%
Mercedes George Russell
90%
Isack Hadjar
88%
Yuki Tsunoda
88%
Carlos Sainz
87%
Andrea Kimi Antonelli
86%
Aston Martin Lance Stroll
84%
Williams Alexander Albon
83%
Sauber Nico Hulkenberg
83%
RB Visa Cash App Liam Lawson
74%
Alpine Franco Colapinto
73%
Gabriel Bortoleto
70%
Haas Oliver Bearman
70%
Jack Doohan
61%
Lando Norris
47%
McLaren Oscar Piastri
44%
Aucun quiz correspondant
Distribution des résultats
% des personnes avec chaque résultat
Percentile par nombre de réponses
Votre historique - résultats
Vous n’avez pas pris ce quiz